El apremio y los recursos extraordinarios locales (Registro nro. 24230)

Detalles MARC
000 -LEADER
fixed length control field 00318 a2200109 4500
001 - CONTROL NUMBER
control field ART_44222
005 - DATE AND TIME OF LATEST TRANSACTION
control field 20260410161842.0
008 - FIXED-LENGTH DATA ELEMENTS--GENERAL INFORMATION
fixed length control field 260409a
100 1# - MAIN ENTRY--PERSONAL NAME
Personal name Tulia, Mauro A.
245 10 - TITLE STATEMENT
Title El apremio y los recursos extraordinarios locales
773 0# - HOST ITEM ENTRY
Title RAP
Related parts - Año 39, Nº 467 (ago. 2017)
Record control number REV5941

No hay ítems disponibles.